000
00262nam a2200109 a 4500
005
20140513081050.0
008
020605s19uu xx 00 eng d
050
_a
P 611
_b
HUM
245
_a
Human digestive system.
650
_a
Body parts--Poster
999
_c
116307
_d
116307